000 00282nam a22001337a 4500
003 SGT
082 _a370
_bD16M
100 _aMISHRA, L.N.
245 _aDICTIONARY OF MATHEMATICS
260 _aNEW DELHI
_bAPH PUB
_c2016
300 _a251
650 _aEDUCATION
942 _2ddc
_cBK
_06
999 _c12247
_d12247